Porovnanie výrob esterov kyseliny octovej

Salvato in:
Dettagli Bibliografici
Autore principale: Daňová, Alica (Autore)
Altri autori: Labovská, Zuzana (Relatore della tesi)
Natura: Manoscritto Libro
Lingua:slovacco
Pubblicazione: 2025
Soggetti:
Accesso online:http://is.stuba.sk/zp/portal_zp.pl?podrobnosti=168768
Tags: Aggiungi Tag
Nessun Tag, puoi essere il primo ad aggiungerne!!

MARC

LEADER 00000ntm a22000003a 4500
001 stuzp99385
003 SK-STU
005 20250628210507.5
007 ta
008 150427s2015----xo-----f-mn---000-0-slo-d
040 |a STU  |b slo 
041 0 |a slo 
100 1 |a Daňová, Alica  |u 046230  |4 aut  |U FCHPT Ústav chemického a environmentálneho inžinierstva  |T FCHPT Oddelenie chemického a biochemického inžinierstva  |X 116028  |U C6230  |Y 119  |7 116028 
242 0 1 |a Comparison of production of acetic acid esters  |y eng 
245 1 0 |a Porovnanie výrob esterov kyseliny octovej 
260 |c 2025 
650 4 |a esterifikácia  |2 slo 
650 4 |a vsádzkový reaktor  |2 slo 
650 4 |a prietokový reaktor s miešaním  |2 slo 
650 4 |a následné reakcie  |2 slo 
650 4 |a rektifikačná kolóna  |2 slo 
650 4 |a batch reactor  |2 eng 
650 4 |a continuous stirred-tank reactor  |2 eng 
650 4 |a consecutive reactions  |2 eng 
650 4 |a esterification  |2 eng 
650 4 |a distillation column  |2 eng 
700 1 |a Labovská, Zuzana  |u 046230  |k Z1  |4 ths  |U FCHPT Ústav chemického a environmentálneho inžinierstva  |T FCHPT Oddelenie chemického a biochemického inžinierstva  |X 10276  |U C6230  |Y 119  |7 A000010276 
856 4 |u http://is.stuba.sk/zp/portal_zp.pl?podrobnosti=168768